| 000 | 00823nam a22002297a 4500 | ||
|---|---|---|---|
| 999 |
_c18522 _d18522 |
||
| 003 | AR-CdUCM | ||
| 008 | 190227b ||||| |||| 00| 0 spa d | ||
| 040 |
_aMUNICIPALIDAD PROVINCIAL DEL CUSCO _cBIBLIOTECA MUNICIPAL DEL CUSCO |
||
| 041 | _heng. | ||
| 082 |
_a330.18 / _bF79 |
||
| 100 |
_aKox, Karl A. _939155 |
||
| 245 | _aManual de econometría / | ||
| 260 |
_aMéxico : _bCentral regional de ayuda técnica, _c1968. |
||
| 300 |
_a558 paginas ; _c22 cm. |
||
| 505 | _aContenido :Economía y estadística --Revisión de conceptos económicos --Revisión de conceptos estadísticos ... | ||
| 650 |
_aConceptos económicos _939156 |
||
| 650 |
_aMétodos analíticos _96450 |
||
| 650 |
_aEconometria _96451 |
||
| 700 |
_aMauricio Kitaigorodzki (traductor) _939157 |
||
| 942 |
_2ddc _cLIBROS |
||
| 945 |
_arjall _d2019-05-14 |
||